Top 20 Education Indices of Countries - Statistics

General Stats
  • This quiz has been taken 57 times
  • The average score is 15 of 20
Answer Stats
Education Index Country % Correct
0.900 United States
98%
0.914 Germany
94%
0.896 United Kingdom
94%
0.855 Sweden
92%
0.890 Canada
90%
0.923 Denmark
90%
0.916 Norway
90%
0.897 Netherlands
83%
0.910 Ireland
81%
0.917 New Zealand
81%
0.891 Switzerland
81%
0.939 Australia
79%
0.906 Iceland
75%
0.852 Poland
73%
0.867 South Korea
71%
0.878 Czech Republic
56%
0.870 Israel
56%
0.877 Estonia
54%
0.882 Lithuania
54%
0.886 Slovenia
48%
No matching quizzes found
Score Distribution
Percent of People with Each Score
Percentile by Number Answered
Your Score History
You have not taken this quiz